[Event "POL-chT3 Slaskie"]
[Site "Poland"]
[Date "2008.03.02"]
[Round "5.9"]
[White "Moryson, Adrian"]
[Black "Goliszek, Wieslaw"]
[Result "1/2-1/2"]
[WhiteElo "1915"]
[BlackElo "2070"]
[PlyCount "137"]
[EventDate "2008.02.03"]
[EventType "team-swiss"]
[EventRounds "9"]
[EventCountry "POL"]
[SourceTitle "EXT 2019"]
[Source "ChessBase"]
[SourceDate "2018.10.10"]
[SourceVersion "1"]
[SourceVersionDate "2018.10.10"]
[SourceQuality "1"]

1. f4 Nc6 2. Nf3 g6 3. e3 Bg7 4. Bb5 b6 5. Bxc6 dxc6 6. 0-0 c5 7. Ne5 Bb7 8. Nc3 Nf6 9. b3 0-0 10. Bb2 Nd5 11. Qe2 f6 12. Nf3 Qd7 13. d3 Nxc3 14. Bxc3 Qg4 15. Rae1 e5 16. fxe5 fxe5 17. e4 Rad8 18. Qe3 Qh5 19. Bd2 h6 20. Bc3 Rf4 21. g3 Rf7 22. Nd2 Rdf8 23. Rxf7 Rxf7 24. Qe2 Qg5 25. Nf3 Qe7 26. Rf1 Bc8 27. Nh4 Rxf1+ 28. Qxf1 Qg5 29. Kg2 Qh5 30. h3 Kh7 31. Bd2 g5 32. Nf5 Bf8 33. Qf3 Qxf3+ 34. Kxf3 Kg6 35. g4 Be6 36. Bc3 Bd6 37. Kg3 b5 38. Ba5 c4 39. Ne3 Bc5 40. Nd5 c6 41. Nc7 Bg8 42. Na6 Be3 43. Nb8 cxd3 44. cxd3 c5 45. Kf3 Bf4 46. Nc6 c4 47. Ne7+ Kg7 48. Nxg8 cxb3 49. axb3 Kxg8 50. Ke2 Kf7 51. Kd1 Kg6 52. Kc2 Bg3 53. Kd2 Bf2 54. Kc3 Bc5 55. Kc2 h5 56. Bc3 hxg4 57. hxg4 Bd6 58. d4 exd4 59. Bxd4 a5 60. e5 Be7 61. Kd3 Kf7 62. Ke4 Ke6 63. Bc3 a4 64. bxa4 bxa4 65. Ba1 Bd8 66. Bb2 Ba5 67. Kd4 Bd2 68. Kd3 Bf4 69. Ke4 1/2-1/2